000 00461nam a2200193Ia 4500
005 20250423094836.0
008 250422s9999 xx 000 0 und d
020 _a978-0-12-370548=8
050 _aTK 5105.5.5 .P479/
100 _aPeterson Larry L
245 0 _aComputer Network: A Systems Approach
250 _a4th ed.
260 _aBoston
260 _bElsevier
260 _c2007
300 _a806 p
650 _aComputer Network
942 _cBK
999 _c28461
_d28461